02075 2200205 4500001002100000005001500021035002000036008004100056245004400097100001800141250000600159260003800165300001200203084001400215082000800229650001000237520159800247990001201845990001201857INLIS00000000000092320240603083907 a0010-0524000158240603 1 ind 1 a5 Kelopak Mawar Berbisa /cRia Jumriati aJumriati, Ria a1 aYogyakarta :bSheila/ Andi,c2007 a142 hlm a813 RIA k a813 4aFiksi aNovel ini adalah persembahan tertinggi untuk para wanita yang pernah ternistakan zaman. Sebagai tonggak sejarah kelam tentang derita sebuah gender yang terpinggirkan. Tentang pemahaman terdalam bahwa para Jugun Lanfu bahkan lebih dari sekedar pahlawan tanpa tanda jasa. Tak hanya mengorbankan jiwa dan raga namun mental, harga diri serta hak hidup yang terampas sebagai manusia, pernah tergadaikan akibat kebrutalan perang dan perlakuan hingga titik terendah sebagai perembuan dan manusia. 5 kelopak mawar berbisa ini adalah Novel tentang derita seorang Jugun Lanfu dan keturunannya. Tentang dendam yang tak berkesudahan, tentang ketidak adilan zaman yang bermuara pada penyelesaian manusiawi...Dendam! Ikuti petualangan Sagiyem, Marni, Winarsih, Rumijah, dan Hana Motukura. mereka ibaratkan 5 kelopak mawar yang menawarkann -Bisa- yang berbeda. Mencoba memberi racun mematikan pada pria pemberi nista, meski harus bercampur dengan ramuan bernama cinta sejati..siapa kemudian yang terkalahkan? Pertempuran batin, harga diri dan bakti sebagai seorang anak menjadi satu rangkaian cerita yang mengharukan dan pada akhirnya, tetap menerbitkan tanya tentang keberpihakkan dunia terhadap wanita. 12 Kisah cerita 5 kelopak mawar berbisa : Kelopak layu kembang Sagiyem, Kelopak kembang kertas Marni, Duri tajam kelopak Winarsih, Pesona bunga berputik racun, Kuntum mawar berakar dendam, Kelopak indah di taman serapah, Mawar mawar beranting rapuh, Helai layu kelopak menawan, Lazuardi tanpa warna pelangi, Mawar indah hana Motokura, Buliran embun di kelopak Angkara, Musim semi bersemi mawar terindah. a0741600 a0741601